| 000 | 00658 a2200193 4500 | ||
|---|---|---|---|
| 020 | _a0762310952 | ||
| 020 | _a9780762310951 | ||
| 082 | _a519.7 | ||
| 090 |
_c1044 _d1044 |
||
| 100 | 1 | _aLawrence.Kenneth D. | |
| 245 | 1 | 0 |
_aMathematical programming / _cLawrence, Kenneth D Lawrence. |
| 260 |
_a[S.l.] : _bJAI Press, _c2004. |
||
| 300 |
_a240 p. ; _c23 cm. |
||
| 490 | 1 | _aApplications of management science. | |
| 700 | 1 | _aLawrence, Kenneth D. | |
| 830 | 0 | _aApplications of management science. | |
| 942 |
_aSNS _cBK _k519.7 LAW |
||
| 999 |
_c29662 _d29662 |
||